[Event "Corus"]
[Site "Wijk aan Zee"]
[Date "2006.01.19"]
[Round "5"]
[White "Anand, Viswanathan"]
[Black "Leko, Peter"]
[Result "1-0"]
[WhiteElo "2792"]
[BlackElo "2740"]
[Annotator "Ftacnik,L"]
[PlyCount "97"]
[EventDate "2006.01.14"]
[EventType "tourn"]
[EventRounds "13"]
[EventCountry "NED"]
[EventCategory "19"]
[SourceTitle "CBM 111"]
[Source "ChessBase"]
[SourceDate "2006.04.04"]
[SourceVersion "1"]
[SourceVersionDate "2006.04.04"]
[SourceQuality "1"]

1. e4 c5 2. Nf3 d6 3. d4 cxd4 4. Nxd4 Nf6 5. Nc3 a6 6. Be3 e5 7. Nf3 Be7 8. Bc4
O-O 9. O-O Be6 10. Bb3 Nc6 11. Bg5 Nd7 {Leko sensibly exchanges the bishops,
since the vulnerability of the d5 square will not be so definite.} (11... Na5
12. Bxf6 (12. Qd3 Rc8 13. Rfd1 Nxb3 14. axb3 Rc6 15. Bxf6 Bxf6 16. Nd5 Bxd5 17.
Qxd5 Rxc2 {1/2-1/2 Kotronias,V (2590)-Gelfand,B (2670)/Chalkidiki 1993}) 12...
Bxf6 13. Nd5 Nxb3 (13... Bg5 14. Qd3 Rc8 15. Rfd1 Kh8 16. Nc3 Be7 17. Nd5 Bg5
18. Kh1 Bh6 19. Nc3 Nxb3 20. axb3 Qb6 21. Kg1 Rc6 22. Qe2 {1-0 Anand,V (2725)
-Gelfand,B (2700)/Dos Hermanas 1996 (42)}) 14. axb3 Bg5 15. Qd3 Bh6 16. Rad1
Rc8 17. Nd2 b5 18. c3 Kh8 19. b4 Ra8 20. Nb3 f5 21. Na5 Rc8 22. Qh3 Rf7 23.
Rfe1 {0-1 Ivanchuk,V (2700)-Kasparov,G (2805)/New York 1995 (35)}) 12. Bxe7
Qxe7 13. Nd5 (13. Qd2 Nc5 14. Rad1 Rad8 15. Qe3 Nxb3 16. axb3 f5 17. Nd5 Qd7
18. Ng5 Nd4 19. Nxe6 Qxe6 20. c3 {1/2-1/2 Predojevic,B (2549)-Shirov,A (2714)/
Sarajevo 2005}) 13... Qd8 14. c3 Na5 (14... Nc5 15. Bc2 a5 16. Qd2 Ne7 17. Ne3
a4 18. Rfd1 f6 19. Qxd6 Qxd6 20. Rxd6 Rfd8 21. Rxd8+ Rxd8 22. Kf1 Rd6 23. Ke1
Rb6 {1/2-1/2 Moroz,A (2345)-Yuferov,S (2455)/Belgorod 1989 (82)}) 15. Re1 (15.
Bc2 Nc4 (15... Rc8 $5 $13) 16. b3 Ncb6 17. Ne3 $14) 15... Rc8 16. h3 Nb6 $5 {
The second player should have no problems, even though against the lesser
opponent than Anand ideas with active f7-f5 would surely be attractive.} (16...
Nxb3 17. axb3 f5 $1 $13) 17. Nxb6 Qxb6 18. Bxe6 fxe6 19. Re2 Rc6 (19... Qc6 20.
Qd3 b5 $11) 20. Qd3 Qc7 21. Rd1 Nc4 (21... Rf6 22. Nd2 b5 $13) 22. b3 $1 Nb6
23. c4 Nc8 $2 {[%mdl 16384] It is very difficult to guess, why Leko felt
compelled to play such a passive move. The natural 23...Nd7! looked perfectly
fine with little chance for white to get any advantage.} (23... Nd7 $1 24. b4
Nb6 25. Ng5 Re8 26. b5 Rc5 27. Qxd6 Qxd6 28. Rxd6 Nxc4 29. Rc2 axb5 $11) 24.
Red2 h6 25. Qe2 Kh7 26. h4 $1 Qb6 27. h5 Qc5 $2 {The defender is blind towards
the main positional threat, white knight will begin its route to g6 square.} (
27... Qc7 28. Ne1 Qe7 29. Qg4 $14) 28. Ne1 $1 Rc7 29. Nd3 Qc6 30. c5 $1 Ne7 (
30... dxc5 31. Nxe5 Qe8 32. Qg4 $18) 31. Qg4 Rf6 32. b4 d5 {Sheer desperation,
but black was otherwise facing very quick process.} (32... Nc8 33. cxd6 Qxd6
34. Nc5 $18) 33. Nxe5 Qa4 34. Qg3 (34. exd5 exd5 35. Rxd5 Nxd5 36. Qe4+ Kh8 (
36... Kg8 37. Qxd5+ $18) 37. Rxd5 Rc8 38. Ng6+ Rxg6 39. hxg6 Qxa2 40. Rd7 $18)
34... Rc8 35. Ng4 Rf7 36. Qd6 Rcf8 (36... Qxb4 37. Ne5 $18) 37. Qxe6 {Anand is
truly spoiled for choice, lesser mortals would surely be tempted by the
trivial 37.Ne5.} (37. Ne5 Rxf2 38. Qxe7 $18) 37... Qxb4 38. exd5 Qxc5 39. d6
Nc6 40. d7 Nd8 41. Qe4+ Qf5 (41... Kg8 42. Rd5 Qb6 43. Re5 $18) 42. Re2 Qxe4
43. Rxe4 b5 44. f3 a5 45. Ne5 {Even the small "blunder" 45.Re8 would already
win.} (45. Re8 Rxd7 46. Nf6+ $1 $18) 45... Rf6 46. Ng6 Rg8 47. Re8 Rf7 48. Rd5
b4 49. Ne7 (49. Ne7 Rgf8 50. Re5 a4 51. Ng6 $18) 1-0

[Event "Corus"]
[Site "Wijk aan Zee"]
[Date "2006.01.27"]
[Round "11"]
[White "Anand, Viswanathan"]
[Black "Tiviakov, Sergei"]
[Result "1/2-1/2"]
[WhiteElo "2792"]
[BlackElo "2669"]
[Annotator "Finkel,A"]
[PlyCount "100"]
[EventDate "2006.01.14"]
[EventType "tourn"]
[EventRounds "13"]
[EventCountry "NED"]
[EventCategory "19"]
[SourceTitle "CBM 111"]
[Source "ChessBase"]
[SourceDate "2006.04.04"]
[SourceVersion "1"]
[SourceVersionDate "2006.04.04"]
[SourceQuality "1"]

1. e4 d5 $5 2. exd5 Qxd5 3. Nc3 Qd6 4. d4 Nf6 5. Nf3 c6 6. Ne5 Nbd7 7. Bf4 {
It's hard to fight for the advantage after the move in the game, so Tiviakov's
opening experiment turned out as a major success.} (7. Nc4 $142) 7... Nd5 (7...
Nxe5 8. dxe5 (8. Bxe5 Qd8 9. Bc4 Bg4 10. f3 Bf5 11. g4 Bg6 12. Qe2 e6 13. O-O-O
$36 {Grabarczyk,B-Alber,H/Offenbach 2005}) 8... Qb4 9. Qd2 Nd5 10. Nxd5 Qxd2+
11. Bxd2 cxd5 12. c4 $14 {Karpatchev,A-Mann,C/Germany 1999}) 8. Nxd5 ({Another
possibility was} 8. Nxd7 Qxd7 9. Be5 Nxc3 10. bxc3 Qd5 11. f3 Bf5 12. Bd3 Bxd3
13. Qxd3 f6 14. Bg3 Rd8 15. O-O $14 {Sedlak,N-Benkovic,P/Subotica 2003}) 8...
Qxd5 9. Be2 $5 {A very risky decision, but that's all White has got to keep on
fighting.} Nxe5 10. Bxe5 Qxg2 $1 11. Bf3 Qg6 12. d5 {The most logical decision.
White should try to open up the position as soon as possible.} (12. Qe2 $5 Bf5
(12... Qe6 $5) 13. O-O-O Rd8 14. Kb1 $36) 12... Bg4 $1 {[%csl Ge4] It's very
important to trade the light-squared bishop.} 13. dxc6 bxc6 14. Qe2 (14. Rg1 $2
Bxf3 $19 {[%csl Rg1]}) 14... Bxf3 15. Qxf3 Rd8 ({Greedy.} 15... Qxc2 {was also
possible as after} 16. O-O Qg6+ 17. Kh1 Rc8 {it's not so clear how White
should continue his attack, but it looks quite dangerous for Black.}) 16. Rd1
Qe6 {Sergey is not in hurry to give up material to simplify the position. After
} (16... Rxd1+ $5 17. Kxd1 Qe6 18. Re1 Qd5+ 19. Qxd5 cxd5 20. Bd4 a6 21. Re3 e6
22. Rb3 Bd6 23. Rb6 Kd7 $132 {the chances should be about equal.}) 17. O-O Rxd1
18. Rxd1 h5 {[%cal Ge6g4,Gh8h6] Intending to bring the rook into play via h6.}
19. Qd3 Qc8 {Black's king feels rather comfortable in the centre.} (19... f6 $2
20. Qg6+ Qf7 21. Rd8+ Kxd8 22. Qxf7 $18) 20. h4 $1 {Otherwise Black could've
pushed his h-pawn to h4 and bring the rook to h5 or f5.} Rh6 21. Kh2 Rg6 22.
Bg3 Rg4 ({White should have sufficient compensation also after} 22... e6 23.
Qf3 Be7 24. Rd4 Kf8 25. Ra4 $13 {[%csl Ra7,Rg6]}) 23. a3 a6 ({The game
could've taken an interesting twist after} 23... g6 24. b3 Bg7 25. c3 g5 26. f3
gxh4 27. fxg4 hxg3+ 28. Kxg3 Qxg4+ 29. Kf2 f5 $13) 24. Re1 c5 25. c3 Rg6 {
Finally deciding to give back a pawn to initiate a trade of the rooks.} (25...
e6) 26. Re5 e6 27. Rxh5 Rh6 28. Rxh6 {White keeps a small plus in the endgame
due to a better bishop and more active queen, but it's hardly enough to pose
Black serious problems.} (28. Rg5 $5) 28... gxh6 29. Qf3 c4 30. Bf4 Qc5 31.
Qa8+ Ke7 32. Kg1 Qf5 $1 {It's important to protect the pawn on f7.} ({After
the careless} 32... Qb5 $6 33. Bd6+ Kxd6 34. Qxf8+ {the king has to come to d5}
Kd5 {so after} 35. Qxh6 $16 {White might be able to promote his h-pawn!}) 33.
Bg3 $6 {Probably Anand didn't manage to find a win after} (33. Bd6+ $5 Kxd6 34.
Qxf8+ Kd7 35. Qxh6 Qb1+ 36. Kg2 Qxb2 37. Qg7 (37. Qf6 Qxa3 38. h5) 37... Qxa3
38. h5 Ke8 39. h6 Qf8 40. Qg5 f5 $11 {and Black seems to hold, but I guess it
was a better try anyway.}) 33... Qb1+ 34. Kh2 Qxb2 35. Qxa6 Kf6 (35... Qxc3 $2
36. Qd6+ Ke8 37. Qb8+ $18) 36. Qxc4 Qxa3 37. Qd4+ Ke7 38. c4 Ke8 $1 39. Qb6 (
39. h5 Qc5 40. Qxc5 Bxc5 41. Kg2 Kd7 $11) 39... Qc5 40. Qxc5 Bxc5 {The rest is
of no interest as the endgame is completely equal.} 41. h5 Bd4 42. Kg2 Kd7 43.
Bf4 Bg7 44. Be3 Kd6 45. Kf1 e5 46. Ke2 f5 47. f3 Kc6 48. Kd3 Bf8 49. Bc1 Bg7
50. Ba3 Bf6 1/2-1/2

[Event "Corus"]
[Site "Wijk aan Zee"]
[Date "2006.01.29"]
[Round "13"]
[White "Anand, Viswanathan"]
[Black "Gelfand, Boris"]
[Result "1-0"]
[WhiteElo "2792"]
[BlackElo "2723"]
[Annotator "Ftacnik,L"]
[PlyCount "131"]
[EventDate "2006.01.14"]
[EventType "tourn"]
[EventRounds "13"]
[EventCountry "NED"]
[EventCategory "19"]
[SourceTitle "CBM 111"]
[Source "ChessBase"]
[SourceDate "2006.04.04"]
[SourceVersion "1"]
[SourceVersionDate "2006.04.04"]
[SourceQuality "1"]

1. e4 c5 2. Nf3 d6 3. d4 cxd4 4. Nxd4 Nf6 5. Nc3 a6 6. f3 e5 7. Nb3 Be6 8. Be3
Nbd7 9. Qd2 b5 10. O-O-O Nb6 11. Qf2 Nc4 12. Bxc4 bxc4 13. Na5 $5 {The older
move 13.Nc5 was replaced by this strange looking knight jump. Surprizingly
enough black is struggling with unpleasant problems.} Qd7 (13... Qc8 14. Nd5
Rb8 (14... Nxd5 15. exd5 Bd7 16. f4 Rb8 17. Bd2 f6 18. Bc3 Be7 19. Rhe1 O-O 20.
Re4 Bb5 21. Nc6 Rb7 22. Qf3 {1-0 Sadvakasov,D (2612)-Zhou Jianchao (2516)/
Hyderabad 2005 (61)}) 15. Qe2 Bxd5 16. exd5 c3 17. b3 Rb5 18. Qc4 Qxc4 19. Nxc4
Be7 20. Rd3 e4 21. fxe4 Nxe4 22. a4 Rb8 23. Bd4 {1-0 Najer,E (2641)-Ghaem
Maghami,E (2586)/Khanty Mansiysk 2005 (56)}) (13... Nd7 14. Nc6 Qc7 15. Nb4 Qb7
16. Nbd5 Rb8 17. b3 cxb3 18. cxb3 Be7 19. Kb2 Bd8 20. Rd3 (20. Qg3 $5 $14)
20... O-O 21. g4 Kh8 22. Rc1 Ba5 23. Rc2 Rfc8 {1/2-1/2 Bologan,V (2700)
-Gelfand,B (2724)/Merida 2005 (56)}) (13... Rc8 14. Bb6 Qd7 15. g3 g6 16. Rd2
Bh6 17. f4 Ng4 18. Qf3 Rb8 19. h3 Nf6 20. Bc5 exf4 21. gxf4 Rc8 22. Bxd6 Qd8
23. Bb4 Qb6 24. a3 Nh5 25. Kb1 Bxf4 26. Nd5 Bxd5 27. Rxd5 Bb8 28. Rhd1 c3 29.
Rd7 {1-0 Anand,V (2788)-Kasimdzhanov,R (2670)/San Luis 2005}) 14. Rd2 $146 {
Anand must have seen the combination with a win of d6 pawn, Gelfand will
attack the knight on a5.} (14. g4 Be7 15. g5 Nh5 16. Nd5 Qa4 17. Nc3 Qd7 18.
Nd5 Qa4 19. Qe1 c3 20. Qxc3 Rc8 21. Qd2 Qxa2 22. Qb4 Bxd5 23. exd5 O-O 24. Nc6
Bd8 25. c3 Nf4 26. Bxf4 exf4 27. Rhe1 Bxg5 28. Qxd6 {1-0 Cheparinov,I (2625)
-Lahno,K (2500)/Wijk aan Zee 2006 (39)}) 14... Be7 15. Rhd1 Rb8 (15... O-O 16.
Bc5 Qc7 17. Bb6 Qd7 18. g4 $14) 16. Bc5 $1 (16. Bb6 O-O 17. g4 Ne8 18. h4 Nc7
$13) 16... Qc7 17. Rxd6 $1 Qxa5 (17... Bxd6 18. Bxd6 Qb6 19. Qxb6 Rxb6 20. Bxe5
$16) 18. Rxe6 fxe6 19. Bxe7 Rb7 (19... Kxe7 20. Qa7+ Kf8 21. Qxb8+ Ne8 22. Rd8
$18) 20. Bd6 {White has got a pawn for the exchange, but black king is still
on e8 and his pawn structure is vulnerable.} Nd7 (20... Kf7 21. f4 $1 $40) 21.
Qh4 (21. Qe2 $5 Qb6 22. Qxc4 Kf7 (22... Qxb2+ 23. Kd2 Kf7 24. Rb1 $18) 23. b3
$16) 21... Qd8 (21... Nf6 22. Qg5 Kf7 23. Bxe5 $16) 22. Qh5+ (22. Qxd8+ Kxd8
23. Bxe5 $16) 22... g6 23. Qh6 Qf6 24. Ne2 Kf7 25. h4 g5 $5 {Gelfand bravely
sacrifices the pawn in order to exchange queens.} (25... Qg7 26. Qe3 $16) 26.
hxg5 (26. Qxg5 Qxg5+ 27. hxg5 Rg8 (27... Kg6 28. f4 exf4 29. Nxf4+ Kf7 30. e5
$16) 28. Rh1 Rxg5 29. Rxh7+ Kg8 30. Rh2 $16) 26... Qxh6 27. gxh6 Rg8 28. g4 (
28. g3 Rg6 29. Rh1 Rb6 30. Bc7 Rc6 31. Ba5 Rf6 $14) 28... Rg6 29. Rh1 {
Unpleasant moment for white since his only rook will be doing an unviable job
of protecting weaknesses.} (29. b3 cxb3 30. axb3 Rxh6 31. Kd2 Rh3 32. Ke3 h5
$11) 29... Rb6 30. Ba3 Rf6 31. Rh3 Kg6 32. Kd2 Rf7 33. Ke3 Nf6 (33... Nb8 34.
Rh5 Nc6 35. f4 exf4+ (35... Nd4 36. f5+ exf5 37. exf5+ Nxf5+ 38. Rxf5 Rxf5 39.
gxf5+ Kxf5 40. Ng3+ Kg4 41. Ne4 $16) 36. Nxf4+ Kf6 37. g5+ Ke5 38. g6+ $18) 34.
Nc3 Rd7 35. Rh1 Rc6 $14 36. Na4 Rb7 37. Nc3 Rb8 (37... Rd7 $5) 38. Nd1 Ng8 $2 {
Black is restless and strives to clarify the situation. Unfortunatelly for him
his e5 pawn will fall and white's advantage significantly grow.} (38... Rb7 39.
Ke2 Rb8 40. Ne3 Ng8 41. Rh5 Rb5 42. b3 (42. Nd1 Nf6 43. Rh2 Rb7 44. Nc3 $14)
42... cxb3 43. axb3 Nxh6 44. Nc4 Nf7 45. Kd3 Ng5 46. Ke3 Nf7 $14) 39. Rh5 Nxh6
(39... Rb5 40. Nc3 Rb8 41. Rxe5 $16) 40. Rxe5 Nf7 41. Rh5 $16 Rb5 42. Rh1 $1 e5
(42... h5 43. Nc3 Rg5 44. Be7 Ra5 45. gxh5+ Rxh5 46. Rg1+ Kh7 47. Bf6 $16) 43.
Nc3 Rb7 44. Nd5 Re6 45. Bb4 $1 {The bishop will be much more useful on the
square c3.} Kg7 46. Rh2 Ng5 47. Bc3 Kg8 48. Rf2 Rf7 49. Rf1 Re8 50. Ke2 $1 Ref8
(50... Re6 51. Ne3 Rc7 52. Rd1 $18) 51. Bxe5 Nxe4 (51... Nxf3 52. Nf6+ Rxf6 53.
Bxf6 $18) (51... Rxf3 52. Rxf3 Rxf3 53. Bf6 $18) 52. Ke3 (52. Re1 $5 Re8 53. f4
Nf6 54. Nxf6+ Rxf6 55. Kf3 Rh6 56. Re4 $16) 52... Nc5 {The defender misses a
golden chance to complicate matters with a fascinating jump 52...Nd2!?. Anand
will now get a full grip on the position.} (52... Nd2 $5 53. Rf2 (53. Kxd2 Rd8
54. Kc3 Rxd5 55. Bd4 Rg5 56. Rf2 h5 57. gxh5 Rxh5 58. Kxc4 Rhf5 59. a4 Rxf3 60.
Rg2+ $16) 53... Nxf3 54. Nf6+ Rxf6 55. Bxf6 Rxf6 56. Rxf3 Re6+ 57. Kd4 Re2 58.
Kc3 Re4 59. g5 $16) 53. f4 $1 Re8 54. Kd4 Nd7 55. Re1 Re6 56. Re2 (56. Kxc4
Nxe5+ 57. fxe5 Rf2 58. Kd3 Rf3+ 59. Ke4 Rf2 60. Ne3 $18) 56... Nxe5 57. fxe5
Rg7 58. Nf6+ Kf7 59. Kxc4 {White has got three pawns for the exchange what is
usually too much even under less favourable circumstances.} Rg5 (59... Rxf6 60.
exf6 Rxg4+ 61. Kd5 Kxf6 62. c4 $18) 60. Kd4 Rb6 61. c4 Ke6 62. b3 Rb8 63. Re4
h6 64. Nd5 Rbg8 65. Nf4+ Ke7 66. e6 (66. e6 Rxg4 67. Nd5+ Kd6 (67... Kd8 68.
e7+ $18) 68. c5+ Kc6 69. Ne7+ Kc7 70. Nxg8 $18) 1-0

[Event "Glitnir blitz"]
[Site "Reykjavik"]
[Date "2006.03.15"]
[Round "2.1"]
[White "Anand, Viswanathan"]
[Black "Hjartarson, Johann"]
[Result "1-0"]
[WhiteElo "2792"]
[BlackElo "2619"]
[PlyCount "77"]
[EventDate "2006.03.15"]
[EventType "k.o. (blitz)"]
[EventRounds "6"]
[EventCountry "ISL"]
[SourceTitle "CBM 111 Extra"]
[Source "ChessBase"]
[SourceDate "2006.05.09"]
[SourceVersion "1"]
[SourceVersionDate "2006.05.09"]
[SourceQuality "1"]

1. e4 e5 2. Nf3 Nc6 3. Bb5 a6 4. Ba4 Nf6 5. O-O Be7 6. Re1 b5 7. Bb3 d6 8. c3
O-O 9. h3 Na5 10. Bc2 c5 11. d4 Qc7 12. d5 Nc4 13. a4 Bd7 14. b3 Na5 15. Nbd2
bxa4 16. bxa4 g6 17. Nf1 Nh5 18. Ne3 Rab8 19. Nd2 Ng7 20. Qe2 Bc8 21. Nec4 Nxc4
22. Nxc4 f5 23. a5 fxe4 24. Bxe4 Bf5 25. Nb6 Bxe4 26. Qxe4 Nh5 27. Be3 Nf4 28.
Rab1 Rf7 29. Kh2 Rbf8 30. Nc4 Qd7 31. Rb6 Bh4 32. Rxd6 Qa4 33. Bxf4 Rxf4 34.
Rxg6+ hxg6 35. Qxg6+ Kh8 36. Rxe5 R4f5 37. Qh6+ Kg8 38. Qxh4 Rxe5 39. Qg3+ 1-0

[Event "Leon 19th"]
[Site "Leon"]
[Date "2006.06.09"]
[Round "1.1"]
[White "Bruzon Batista, Lazaro"]
[Black "Anand, Viswanathan"]
[Result "1/2-1/2"]
[WhiteElo "2652"]
[BlackElo "2803"]
[Annotator "Estremera,S/Mellado,J"]
[PlyCount "118"]
[EventDate "2006.06.11"]
[EventType "k.o. (rapid)"]
[EventRounds "2"]
[EventCountry "ESP"]
[SourceTitle "CBM 112 Extra"]
[Source "ChessBase"]
[SourceDate "2006.07.14"]
[SourceVersion "1"]
[SourceVersionDate "2006.07.14"]
[SourceQuality "1"]

{El XIX Torneo Magistral Ciudad de León abre el fuego con un match inédito,
Anand cinco veces campeón aquí va a enfrentarse en un encuentro a cuatro
partidas al GM cubano Lázaro bruzón, campeón mundial juvenil en 2000, y uno de
los grandes maestros jóvenes con más proyección mundial. Anand y Bruzón se han
enfrentado antes dos veces hasta ahora, la primera en el supertorneo de Wijk
aan Zee en 2005, en esa ocasión Anand ganó una buena partida con negras. El
segundo enfrentamiento ha sido hace pocos días en la olimpiada de Turín y
acabó en tablas tras un sólido planteamiento con blancas del jugador cubano.
Las partidas se disputarán a 20 minutos con un incremento de 10 segundos por
jugada.} 1. e4 {Bruzón jugó la apertura catalana en las dos partidas
mencionadas contra Anand. en esta ocasión se decide por el peón de rey....} c5
2. Nf3 d6 3. d4 cxd4 4. Nxd4 Nf6 5. Nc3 a6 {siciliana najdorf} 6. Be2 {Bruzón
opta por la línea más sólida} e5 {y Anand se mantiene dentro de los cauces
clasicos de esta defensa.} (6... e6 {trasponiendo al sistema sheveningen ha
sido durante décadas el arma favorita de Kasparov}) 7. Nb3 Be7 8. O-O O-O 9. a4
Be6 10. Bf3 ({Otro plan estandar en esta posición es} 10. f4) 10... Nbd7 11. a5
Qc7 12. Be3 h6 13. Re1 Rfc8 14. h3 b5 $1 {con esta reacción las negras
obtienen contrajuego suficiente gracias al dominio de las líneas abiertas en
el flanco de dama} 15. axb6 Nxb6 16. Na5 Nc4 17. Nxc4 Bxc4 18. Na4 Rab8 {
Anand parece haber igualado sin problemas y apenas ha gastado tiempo su reloj
marca 19 minutos mientras Bruzón tiene alrededor de 15.} 19. Bc1 ({la
continuación más normal y esperada era} 19. b3 Bb5 20. c4 Bxa4 21. Rxa4 {tras}
Qb7 {las negras no tienen problemas. la continuación de la partida parece
haber sorprendido a Anand que está pensando mucho su respuesta}) 19... Qb7 ({
una continuación muy interesante es} 19... d5 $5 20. exd5 Rd8 21. Nc3 Bb4 {
con buen juego para las negras}) 20. b3 Be6 21. Bb2 Rc6 22. Qd3 {los tiempos
estan ahora bastante igualados: 10 minutos Bruzón y 11 Anand} Rbc8 23. Re2 Nd7
24. Qd1 ({una posibilidad es} 24. Bg4) 24... Bg5 $1 {impidiendo Rd2} 25. c4 {
bruzón tiena solo 4 minutos Anand conserva aún 10, la ventaja de tiempo
empieza a ser importante} Rb8 26. Ra3 Nf8 27. Kh2 $1 {las blancas preparan g3
y h4 expulsando al alfil y controlando eventualmente al caballo que puede
llegar a g6} Ng6 28. g3 Qc8 29. Bg2 ({A este ritmo las blancas no permiten
variantes azarosas como} 29. h4 Nxh4 30. gxh4 Bf4+ 31. Kg2 Bh3+ 32. Kg1 d5)
29... Bd8 30. Rd2 Bc7 (30... Ba5 31. Bc3 (31. Rxd6 Rxd6 32. Qxd6 Bb4)) 31. Nc3
Bb6 32. Na4 Ba7 {#} 33. Ba1 $6 ({Fritz ofrece ahora la sorprendente} 33. f4 $1
exf4 34. gxf4 Nxf4 35. Qf3 Ng6 36. e5 {con clara ventaja blanca}) 33... Qb7 34.
Rda2 Kh7 35. Bf3 Nf8 {El blanco esta bien pero apurado de tiempo con menos de
1 minuto en el reloj} 36. Bg4 Nd7 37. Bxe6 $2 ({Bruzón no ha considerado en
toda la partida su mejor opción} 37. f4 {con la que incluso saca ventaja})
37... fxe6 38. Qg4 Nc5 39. Nxc5 Bxc5 40. Ra4 Qxb3 {las negras tienen ventaja}
41. Rb2 {#} Qxb2 $1 (41... Qxa4 $2 42. Rxb8 Qxa1 43. Rb7 {con ventaja decisiva
del blanco}) 42. Bxb2 Rxb2 43. h4 Rxf2+ 44. Kh3 Rf6 $1 45. Ra1 Bb4 $1 {ataca
c4 y prepara a5} 46. Qe2 a5 47. Rf1 $1 Rxf1 48. Qxf1 Kg8 49. Qd1 {las blancas
deben tener suficiente contrajuego para hacer tablas} Rxc4 50. Qb3 d5 {con
ventaja} 51. exd5 exd5 52. Qd3 Rc5 53. Qf5 Rc6 54. Qxe5 Rd6 55. h5 Rd8 56. Qc7
Re8 57. Qd7 Re5 58. g4 Bf8 59. Qa7 d4 {y tablas, buena defensa de Bruzón que,
tras desaprovechar una buena ocasión de obtener ventaja con f4, ha logrado
defender con éxito la posición después del sacrificio de dama de Anand} 1/2-1/2